00837 2200229 4500001002100000005001700021008004100038035002500079040001200104082001500116084002000131100001300151245017600164260005900340300003300399500007100432504002900503650002000532700002500552850001200577990001800589INLIS00000000000949220150810144910.0  a0010-081500000000930 aYOPDYOG 223a646.72 aSK 646.72 Ist H aISTIANAH aHubungan antara pengetahuan perawatan kulit wajah dengan perilaku perawatan kulit wajah ibu-ibu di kompleks perumahan kelurahan Sorosutan Umbulharjo Yogyakartac/ Istianah aYogyakartabUniversitas Sarjanawiyata Tamansiswac2006 axiii, 88 lembar.c; 29,5 cm. aSkripsi Program Studi Pendidikan Kesejahteraan Keluarga Yogyakarta aBibliografi : hlm. 57-58 aKecantikan diri aSUTARI Imam Barnadib aYOPDYOG a47704-PD/A.15